Govt. of
Madhya Pradesh

The Smugglers Of Truth (Record no. 38349)

MARC details
000 -LEADER
fixed length control field 004930000a22001810004500
003 - CONTROL NUMBER IDENTIFIER
control field MACL
005 - DATE AND TIME OF LATEST TRANSACTION
control field 20151227122828.0
008 - FIXED-LENGTH DATA ELEMENTS--GENERAL INFORMATION
fixed length control field 151227b xxu||||| |||| 00| 0 eng d
040 ## - CATALOGING SOURCE
Original cataloging agency MACL
Transcribing agency macl
041 ## - LANGUAGE CODE
Language code of text/sound track or separate title English
082 ## - DEWEY DECIMAL CLASSIFICATION NUMBER
Classification number 000/DES
100 ## - MAIN ENTRY--PERSONAL NAME
Personal name Desai, Makarand
9 (RLIN) 23068
245 ## - TITLE STATEMENT
Title The Smugglers Of Truth
Remainder of title Selections from Satyavani
260 ## - PUBLICATION, DISTRIBUTION, ETC. (IMPRINT)
Name of publisher, distributor, etc. The Friends of India Society International
Date of publication, distribution, etc. 1978
Place of publication, distribution, etc. U.S.A
350 ## - PRICE (NR) (BK AM CF MU VM SE) [OBSOLETE]
Price 25
650 ## - SUBJECT ADDED ENTRY--TOPICAL TERM
Topical term or geographic name as entry element Generalities
9 (RLIN) 1354
942 ## - ADDED ENTRY ELEMENTS (KOHA)
Koha item type Books
Call number prefix 000/DES
Source of classification or shelving scheme
Holdings
Withdrawn status Lost status Source of classification or shelving scheme Damaged status Not for loan Home library Current library Date acquired Cost, normal purchase price Total Checkouts Full call number Barcode Date last seen Uniform Resource Identifier Price effective from Koha item type
          MACL MACL 15/04/2015 25.00   000/DES BOOK CLE016561 29/04/2015 38571 15/04/2015 Books